| 000 | 01313cab a2200181 4500 | ||
|---|---|---|---|
| 001 | L130212 | ||
| 008 | 050701n2005 000 0 eng u | ||
| 035 | _a(Sirsi) u130212 | ||
| 041 | _aeng | ||
| 245 | _aGeneray Ltd v Containerised Storage Company Ltd | ||
| 260 | _c2005 | ||
| 520 | _a[2005] EWCA Civ 478, 23 March 2005. Considered an appeal by the Containerised Storage Company (C) against a decision that Generay (G) had acquired the title to a strip of land by way of adverse possession. C argued that G had excluded itself from the land by putting up a tape fence around part of the land for three months (in relation to unrelated litigation). "Held": G had established title over all the strip of land except for the taped off area subject to the outcome of the dispute concerning that area. It was also decided that G's self exclusion from the taped off area amounted to interruption of possession sufficient to defeat adverse possession. | ||
| 590 | _aIKA190705 | ||
| 650 | _aGENERAY LTD V CONTAINERISED STORAGE COMPANY LTD | ||
| 690 | _aPROPERTY-COMMERCIAL PROPERTY-ACQUISITION AND DISPOSAL OF COMMERCIAL PROPERTY | ||
| 856 |
_uhttps://www.bailii.org/cgi-bin/markup.cgi?doc=/ew/cases/EWCA/Civ/2005/478.html&query=Generay&method=all _zView the item free of charge at www.bailii.org... |
||
| 942 | _n0 | ||
| 999 |
_c75495 _d75495 |
||